Quick Pick: Romance Languages Quiz Stats

 Plays Quiz Updated Aug 17, 2016

Challenge
Share
Tweet
Embed
Score 0/10 Timer 01:00
2 Plays Today
% Correct
French
96.3%
Italian
96%
Spanish
94.9%
Portuguese
90.7%
Sicilian
82.3%
Catalan
76.7%
Romanian
73.7%
Venetian
65%
Sardinian
64.4%
Walloon
29.4%

Today's Daily Dose

You're not logged in!

Compare scores with friends on all Sporcle quizzes.
Join for Free
OR
Log In

You Might Also Like...

Show Comments

Extras

Top Quizzes Today


Score Distribution

Your Account Isn't Verified!

In order to create a playlist on Sporcle, you need to verify the email address you used during registration. Go to your Sporcle Settings to finish the process.

Report this User

Report this user for behavior that violates our Community Guidelines.

Details: